| 000 | 01362nam a22003617a 4500 | ||
|---|---|---|---|
| 003 | CHAP | ||
| 005 | 20220329142248.0 | ||
| 008 | 0004.7d2000 mx r 00110 spa d | ||
| 010 | _a80737 | ||
| 011 | _a81709 | ||
| 035 | _a92186 | ||
| 040 | _cCHAP | ||
| 090 | _aTesis | ||
| 100 | 0 | 0 |
_aPérez Gallardo, Catalina. _989663 |
| 245 | 1 | 0 |
_aIntervalo entre partos y producción de leche por año y época de primera parición en las vacas de un establo lechero comercial de la Comarca Lagunera _c/por Catalina Pérez Gallardo |
| 260 |
_aChapingo, Méx. : _bEl autor, _c2000. |
||
| 300 |
_a81 h. : _bgráfs. ; cuadros |
||
| 502 | _aTesis (Ing. Agr. Esp. en Zootecnia) -- UACH. Departamento de Zootecnia | ||
| 590 |
_aALEPH _b10 _c20130110 _lUCH01 _h1434 |
||
| 590 |
_aBATCH-UPD _b10 _c20130110 _lUCH01 _h0708 |
||
| 590 |
_aBATCH-UPD _b10 _c20130410 _lUCH01 _h0354 |
||
| 590 |
_aBATCH-UPD _b10 _c20130914 _lUCH01 _h1517 |
||
| 590 |
_aCONVERSION _b10 _c20130109 _lUCH01 _h1345 |
||
| 650 | 1 | 4 |
_aGanado lechero _xComarca Lagunera. _945247 |
| 650 | 1 | 4 |
_aGanado vacuno _xComarca Lagunera. _945446 |
| 650 | 1 | 4 |
_aGanado vacuno _xReproducción. _945510 |
| 650 | 1 | 4 |
_aLeche _xProducción. _965400 |
| 901 | _aBK | ||
| 905 | _aGuadalupe Pinto C. | ||
| 942 | _cFOLL | ||
| 949 |
_bBC _cTES _d33724000757399 _eTS2 _fc.2 _h32017 _i92186 _si |
||
| 949 |
_bBC _cTES _d921861 _eTS1 _h32016 _i92186 _sb |
||
| 999 |
_c80737 _d80737 |
||